| 000 | 005120000a22001810004500 | ||
|---|---|---|---|
| 003 | MACL | ||
| 005 | 20160401135832.0 | ||
| 008 | 160401b xxu||||| |||| 00| 0 eng d | ||
| 040 |
_aMACL _cMACL |
||
| 041 | _aHindi | ||
| 082 | _a398 | ||
| 100 |
_aडॉ राधाकान्त पाठक _949640 |
||
| 245 | _aललित निबन्ध | ||
| 260 |
_aवाराणसी _bमनीष प्रकाशन _c2007 |
||
| 350 | _a200 | ||
| 650 |
_aFolklore _949641 |
||
| 942 |
_cHIN _k398 _2ddc |
||
| 999 |
_c47461 _d47461 |
||